| 000 | 00548 a2200169 4500 | ||
|---|---|---|---|
| 020 | _a1566070333 | ||
| 040 |
_aDLC _bDLC |
||
| 082 | 0 | 0 | _a005.2 |
| 245 | 0 | 0 |
_aClient server application development : tools and techniques _cRichard Adhikari. |
| 250 | _aUpdate ed. | ||
| 260 |
_aCharleston, S.C., U.S.A. : _bComputer Technology Research Corp., _c1996. |
||
| 300 |
_aiv, 197 p. : _bill. ; _c28 cm. |
||
| 650 | 0 | _aClient/server computing. | |
| 650 | 0 | _aApplication software. | |
| 710 | 2 | _aComputer Technology Research Corp. | |
| 942 |
_cBK _k005.2 CTR _2ddc |
||
| 999 |
_c6052 _d6052 |
||